Physical Chemistry (Record no. 533199)

000 -LEADER
fixed length control field 00401nam a22001697a 4500
003 - CONTROL NUMBER IDENTIFIER
control field NUST
005 - DATE AND TIME OF LATEST TRANSACTION
control field 20191216104729.0
008 - FIXED-LENGTH DATA ELEMENTS--GENERAL INFORMATION
fixed length control field 131127t xxu||||| |||| 00| 0 eng d
038 ## - RECORD CONTENT LICENSOR
Staff Name MSOHAIL
082 ## - DEWEY DECIMAL CLASSIFICATION NUMBER
Classification number 541.3 MEE
100 ## - MAIN ENTRY--PERSONAL NAME
Personal name A.J.Memeem
9 (RLIN) 26982
245 ## - TITLE STATEMENT
Title Physical Chemistry
260 ## - PUBLICATION, DISTRIBUTION, ETC.
Place of publication, distribution, etc. London
Name of publisher, distributor, etc. E.L.B.S
Date of publication, distribution, etc. c1964
300 ## - PHYSICAL DESCRIPTION
Extent 719 p.
700 ## - ADDED ENTRY--PERSONAL NAME
Fuller form of name Gordon M Barrow
9 (RLIN) 26983
942 ## - ADDED ENTRY ELEMENTS (KOHA)
Source of classification or shelving scheme
Koha item type Book
Holdings
Withdrawn status Lost status Source of classification or shelving scheme Damaged status Not for loan Permanent Location Current Location Date acquired Total Checkouts Full call number Barcode Date last seen Price effective from Koha item type
          School of Civil and Environmental Engineering (SCEE) School of Civil and Environmental Engineering (SCEE) 12/16/2019   541.3 MEE NIT-12925 12/16/2019 12/16/2019 Book
© 2023 Central Library, National University of Sciences and Technology. All Rights Reserved.